Football joueur de Strasbourg 2025 26 par image - Statistiques

Statistiques générales
  • Ce quiz a été pris 127 fois
  • Le résultat moyen est 12 sur 16
Statistiques - réponses
Par images Réponse % Correct
Emegha
97%
Barco
95%
Doué
95%
Moreira
91%
Nanasi
90%
Penders
83%
Lemarechal
80%
Panichelli
79%
Paez
74%
Sarr
73%
Bakwa
71%
Mara
57%
Ouattara
54%
Mwanga
50%
Sylla
45%
Sow
41%
Aucun quiz correspondant
Distribution des résultats
% des personnes avec chaque résultat
Percentile par nombre de réponses
Votre historique - résultats
Vous n’avez pas pris ce quiz